<?xml version="1.0" encoding="UTF-8"?>
<record
    xmlns:xsi="http://www.w3.org/2001/XMLSchema-instance"
    xsi:schemaLocation="http://www.loc.gov/MARC21/slim http://www.loc.gov/standards/marcxml/schema/MARC21slim.xsd"
    xmlns="http://www.loc.gov/MARC21/slim">

  <leader>00670naa a22001817i 4500</leader>
  <controlfield tag="001">232257</controlfield>
  <controlfield tag="003">ES-MaBCM</controlfield>
  <controlfield tag="005">20260211132612.0</controlfield>
  <controlfield tag="008">260211s2026    sp ||||| |||| 00| 0 spa d</controlfield>
  <datafield tag="040" ind1=" " ind2=" ">
    <subfield code="c">ES-MaBCM</subfield>
  </datafield>
  <datafield tag="100" ind1="1" ind2=" ">
    <subfield code="a">Perona Mata, Carmen</subfield>
    <subfield code="9">123086</subfield>
  </datafield>
  <datafield tag="245" ind1="1" ind2="3">
    <subfield code="a">La problem&#xE1;tica titulaci&#xF3;n para el acceso a cuerpos del Subgrupo A1 en el empleo p&#xFA;blico</subfield>
    <subfield code="c">Carmen Perona Mata</subfield>
  </datafield>
  <datafield tag="610" ind1="1" ind2="0">
    <subfield code="a">Espa&#xF1;a.</subfield>
    <subfield code="t">Estatuto b&#xE1;sico del empleado p&#xFA;blico, 2015</subfield>
    <subfield code="9">120275</subfield>
  </datafield>
  <datafield tag="650" ind1=" " ind2="7">
    <subfield code="a">T&#xED;tulo acad&#xE9;mico</subfield>
    <subfield code="9">60458</subfield>
  </datafield>
  <datafield tag="650" ind1=" " ind2="0">
    <subfield code="a">Acceso a la funci&#xF3;n p&#xFA;blica</subfield>
    <subfield code="9">126954</subfield>
  </datafield>
  <datafield tag="773" ind1="0" ind2=" ">
    <subfield code="d">Madrid</subfield>
    <subfield code="g">N. 2 (feb. 2026) - Loc. En l&#xED;nea</subfield>
    <subfield code="t">Actualidad administrativa</subfield>
    <subfield code="w">104209</subfield>
  </datafield>
  <datafield tag="942" ind1=" " ind2=" ">
    <subfield code="2">udc</subfield>
    <subfield code="c">AREV</subfield>
  </datafield>
  <datafield tag="999" ind1=" " ind2=" ">
    <subfield code="c">232257</subfield>
    <subfield code="d">232257</subfield>
  </datafield>
  <datafield tag="952" ind1=" " ind2=" ">
    <subfield code="0">0</subfield>
    <subfield code="1">0</subfield>
    <subfield code="2">udc</subfield>
    <subfield code="4">0</subfield>
    <subfield code="7">0</subfield>
    <subfield code="a">BC</subfield>
    <subfield code="b">BC</subfield>
    <subfield code="c">SALA</subfield>
    <subfield code="d">2026-02-11</subfield>
    <subfield code="l">0</subfield>
    <subfield code="r">2026-02-11 13:26:32</subfield>
    <subfield code="w">2026-02-11</subfield>
    <subfield code="y">AREV</subfield>
  </datafield>
</record>
